Pressure, temperature, salinity and dissolved-oxygen profile data from R/V Atlantis II cruise 107 : Leg X /

Bibliographic Details
Main Author: Georgi, Daniel T.
Corporate Author: Woods Hole Oceanographic Institution
Other Authors: Piola, Alberto R., Galbraith, Nancy
Format: Book
Language:English
Published: Woods Hole, Mass. : Woods Hole Oceanographic Institution, 1981.
Series:Woods Hole Oceanographic Institution (Series) ; no. 81-71.
Technical report (Woods Hole Oceanographic Institution)
Subjects:

MARC

Tag First Indicator Second Indicator Subfields
LEADER 00000cam a2200000Ka 4500
001 in00002003405
005 20151031124547.0
008 950822s1981 mauab b 000 0 eng d
035 |a (OCoLC)ocm33023469 
040 |a CUS  |c CUS  |d TXA  |d UtOrBLW 
049 |a TXAM 
090 |a GC1  |b .W582 no. 81-71 
100 1 |a Georgi, Daniel T. 
245 1 0 |a Pressure, temperature, salinity and dissolved-oxygen profile data from R/V Atlantis II cruise 107 : Leg X /  |c by Daniel T. Georgi, Alberto R. Piola and Nancy Galbraith. 
264 1 |a Woods Hole, Mass. :  |b Woods Hole Oceanographic Institution,  |c 1981. 
300 |a 185 pages :  |b illustrations, maps ;  |c 28 cm. 
336 |a text  |b txt  |2 rdacontent 
337 |a unmediated  |b n  |2 rdamedia 
338 |a volume  |b nc  |2 rdacarrier 
490 1 |a WHOI ;  |v 81-71 
500 |a "August 1981." 
504 |a Includes bibliographical references (page 13). 
650 0 |a Ocean temperature  |x Measurement. 
650 0 |a Water  |x Sampling. 
650 0 |a Salinity  |x Measurement. 
650 0 |a Oxygen  |x Measurement. 
700 1 |a Piola, Alberto R. 
700 1 |a Galbraith, Nancy. 
710 2 |a Woods Hole Oceanographic Institution. 
830 0 |a Woods Hole Oceanographic Institution (Series) ;  |v no. 81-71. 
830 0 |a Technical report (Woods Hole Oceanographic Institution) 
994 |a C0  |b TXA 
948 |a cataloged  |b h  |c 2004/10/21  |d c  |e bhartsfi  |f 2:24:56 pm 
999 |a MARS 
999 f f |s c57154ed-49de-3ee3-bf97-cbfc8959e702  |i 82697dff-572b-3bf8-87f4-c8fdc2188a20  |t 0 
952 f f |p ric  |a Texas A&M University  |b Rellis Campus  |c Joint Library Facility  |d Remote Storage  |t 0  |e GC1 .W582 no.81-71  |h Library of Congress classification  |i unmediated -- volume  |m A14831286068 
998 f f |a GC1 .W582 no.81-71  |t 0  |l Remote Storage